|
|
|
|
| LEADER |
01165nam a22003011a 4500 |
| 001 |
000725112 |
| 003 |
CZ BrMZK |
| 005 |
20041202114240.0 |
| 007 |
ta |
| 008 |
040708s1897 xr e 000 d cze |
| 015 |
|
|
|a cnb001039597
|
| 035 |
|
|
|a (OCoLC)85017181
|
| 040 |
|
|
|a ABA001
|b cze
|c ABA001
|d BOA001
|
| 080 |
|
|
|a 821.162.3-2
|2 MRF
|
| 100 |
1 |
|
|a Beneš Šumavský, Václav,
|d 1850-1934
|7 jk01011652
|4 aut
|
| 245 |
1 |
0 |
|a Bajaja :
|b fantastický balet o 6 obrazech /
|c složili V. Beneš-Šumavský a Bohumil Forman ; hudbu složil Jindřich Kaan z Albestů ; balety komponoval a na scénu vystavil Aug. Berger
|
| 250 |
|
|
|a 2. vyd.
|
| 260 |
|
|
|a Praha :
|b Družstvo Národního divadla,
|c 1897
|
| 300 |
|
|
|a 18 s. ;
|c 8°
|
| 655 |
|
7 |
|a česká dramata
|7 fd133957
|2 czenas
|
| 700 |
1 |
|
|a Forman, Bohumil,
|d 1857-1921
|7 jk01031566
|4 aut
|
| 700 |
1 |
|
|a Káan z Albestů, Jindřich,
|d 1852-1926
|7 jk01052299
|4 cmp
|
| 700 |
1 |
|
|a Berger, Augustin,
|d 1861-1945
|7 jk01011789
|4 art
|4 cmp
|
| 910 |
|
|
|a BOA001
|b X-0593.954
|k k
|
| 964 |
|
|
|a Bohemika - stol. 19.
|
| 990 |
|
|
|a BK
|
| 993 |
|
|
|a Y
|
| 996 |
6 |
|
|b 2618923348
|c X-0593.954
|l MZK
|r Sklad / do 24 hodin
|n 0
|w 000725112
|u 000010
|a 1
|e BOA001
|j MZK50
|s P
|